[Event "CRO-ch 2019"]
[Site "Bjelovar"]
[Date "2019.04.05"]
[Round "5.3"]
[White "Jovanovic, Zoran"]
[Black "Brkic, Ante"]
[Result "1/2-1/2"]
[WhiteElo "2511"]
[BlackElo "2560"]
[Annotator "TA"]
[PlyCount "54"]
[EventDate "2019.04.01"]
[EventType "tourn"]
[EventCountry "CRO"]
[SourceTitle "playchess.com"]
[Source "ChessBase"]
[SourceQuality "1"]

{[%evp 12,54,7,6,2,10,20,19,20,18,20,11,28,29,40,10,9,-17,-22,-21,-12,-22,-21,-20,-21,-20,-22,-22,-22,-22,-17,-21,-16,-27,-15,-31,-20,-25,-25,-35,-27,-37,-27,-28,-11]} 1. e4 e5 2. Nf3 Nc6 3. Nc3 Nf6 4. Bb5 Bb4 5. O-O O-O 6. Bxc6 dxc6 7. Nxe5 Bxc3 {C49: Four Knights: 4 Bb5 Bb4} 8. dxc3 Qxd1 (8... Nxe4) 9. Rxd1 {With the idea f3.} Nxe4 {The position is equal.} 10. Nd3 Bf5 11. Bf4 Rac8 $146 12. f3 Nd6 13. b3 Nb5 14. c4 Nd4 {Hoping for ...Bxd3.} 15. Rd2 Rfe8 {Strongly threatening ...Bxd3.} 16. Kf2 {[#]} Nxc2 $1 {[%mdl 576] Remove Defender} 17. Rxc2 {Black must now prevent Rd1.} Bxd3 18. Rd2 Bf5 19. g4 Be6 20. h4 f6 21. Re1 Kf7 22. Rde2 a6 23. Rc1 Bd7 24. Rxe8 Kxe8 25. b4 Be6 26. a4 Kf7 27. a5 Rd8 {Accuracy: White = 40%, Black = 55%.} 1/2-1/2

[Event "CRO-ch 2019"]
[Site "Bjelovar"]
[Date "2019.04.05"]
[Round "5.4"]
[White "Kozul, Zdenko"]
[Black "Kurajica, Bojan"]
[Result "1-0"]
[WhiteElo "2589"]
[BlackElo "2522"]
[Annotator "TA"]
[PlyCount "165"]
[EventDate "2019.04.01"]
[EventType "tourn"]
[EventCountry "CRO"]
[SourceTitle "playchess.com"]
[Source "ChessBase"]
[SourceQuality "1"]

{[%evp 9,165,25,58,41,73,36,33,37,68,49,48,28,44,15,30,20,60,39,55,56,59,42,53,45,78,63,66,53,66,60,78,71,100,77,91,89,114,114,112,93,172,50,50,50,50,59,43,68,68,68,68,68,68,68,68,68,62,25,25,25,25,0,0,0,0,0,0,0,0,0,0,0,0,0,0,0,0,0,0,0,0,0,0,0,0,0,0,0,0,0,0,0,0,0,0,0,0,0,0,0,0,0,0,0,0,0,0,0,0,0,0,0,181,181,181,181,181,181,181,181,181,181,181,181,181,181,181,181,181,181,181,181,181,181,181,181,181,181,181,181,1659,1544,2127,2022,2003,1984,1828,1970,1812,1753,1735,1493,2118,1991,1977,1977,1932,1781]} 1. d4 d5 2. c4 e6 3. g3 (3. Nc3 Be7 4. cxd5 exd5 5. Bf4 c6 6. e3 Bf5 7. g4 Be6 8. h3 Nd7 9. Bd3 h5 10. gxh5 Ndf6 11. h6 Nxh6 12. Qc2 Qd7 13. Nf3 Bf5 14. Ne5 Bxd3 15. Nxd3 Nh5 16. Bh2 Qxh3 {½-½ (32) Radjabov,T (2757)-Giri,A (2783) Wijk aan Zee 2019}) 3... Bb4+ 4. Bd2 Qe7 5. Bg2 Nc6 $146 ({Predecessor:} 5... Nf6 6. Nf3 O-O 7. O-O b6 8. Qc2 Bb7 9. Bxb4 Qxb4 10. cxd5 Bxd5 11. Nc3 Bb7 12. e4 h6 13. Rad1 Qe7 14. Rfe1 Nbd7 15. d5 exd5 16. e5 Nh7 17. Nxd5 Bxd5 18. Rxd5 {1-0 (27) Gretarsson,H (2516)-Bjornsson,S (2397) Reykjavik 2013}) 6. e3 {D30: Queen's Gambit Declined: Systems without Nc3} Bxd2+ 7. Qxd2 Nf6 8. Ne2 {White is slightly better.} Ne4 9. Qc1 Qb4+ 10. Nbc3 Nxc3 11. Qxc3 Qxc3+ 12. Nxc3 Nb4 13. Ke2 ({Much weaker is} 13. cxd5 $6 Nc2+ 14. Ke2 Nxa1 $15) 13... c6 14. b3 Ke7 15. Rac1 Rd8 16. f4 f5 17. h3 Bd7 18. a3 Na6 19. g4 g6 20. g5 h5 21. Nd1 b5 22. cxb5 cxb5 23. Nb2 Rac8 24. Kd2 b4 (24... Nb8 $16 {might work better.}) 25. a4 ({Only move:} 25. Rxc8 $1 $18 Rxc8 26. Bf1) 25... Rc3 $1 $14 {[%mdl 64] Decoy} 26. Rxc3 bxc3+ 27. Kxc3 Rc8+ 28. Kd2 Rb8 $1 29. Bf1 Rxb3 30. Kc2 $1 {[%cal Rc2b3]} Rb6 31. Bxa6 $1 Rxa6 {[%mdl 4096] Endgame KRB-KRN} 32. Kb3 Rb6+ 33. Kc3 Rc6+ 34. Kd2 Ra6 35. Nd3 Rxa4 36. Rb1 Ra2+ 37. Ke1 Be8 38. Nc5 Bc6 39. Rb8 Rh2 {[#]} 40. h4 $1 {[%mdl 512]} Rxh4 41. Rc8 Be8 42. Rc7+ Kd6 43. Rxa7 Rh1+ 44. Kf2 Rh2+ 45. Kg3 Rc2 46. Ra6+ Bc6 47. Nd3 {Strongly threatening Ne5.} Kc7 $1 48. Ra7+ Kd6 $1 49. Ne5 {[%cal Re5f7]} Be8 50. Rg7 Rc1 51. Nxg6 Bxg6 52. Rxg6 $11 {KR-KR} Rg1+ 53. Kf2 Rg4 54. Rg7 h4 55. Ra7 Rg3 56. Rb7 Rg4 57. Rh7 Kc6 58. Ra7 Kd6 $1 59. Ra1 Ke7 $1 60. Rb1 Kd6 $2 {[#]} (60... Rg3 $11) 61. Rg1 $1 $18 Ke7 {[#]} 62. Rg2 $1 Kf7 63. Kf3 h3 64. Rh2 ({Stronger than} 64. Rxg4 fxg4+ 65. Kg3 Kg7 $11) 64... Rh4 65. Kg3 Rg4+ 66. Kxh3 Rg1 67. Re2 Rh1+ 68. Kg2 Rb1 69. Rc2 Rb6 70. Rc7+ Kg6 71. Re7 Ra6 72. Kf3 Rb6 73. Ke2 Ra6 74. Kd2 Ra2+ $2 (74... Rc6 75. Kd3 Kh5) 75. Kc1 {White is clearly winning.} Ra6 76. Kb2 Rb6+ 77. Ka3 Kh5 78. Ka4 Kg6 79. Ka5 Rc6 80. Kb5 Rd6 81. Ra7 Rd8 82. Kc6 Rc8+ 83. Kd6 {Accuracy: White = 80%, Black = 58%.} 1-0

[Event "CRO-ch 2019"]
[Site "Bjelovar"]
[Date "2019.04.05"]
[Round "5.5"]
[White "Jovanic, Ognjen"]
[Black "Zelcic, Robert"]
[Result "1/2-1/2"]
[WhiteElo "2515"]
[BlackElo "2520"]
[Annotator "TA"]
[PlyCount "125"]
[EventDate "2019.04.01"]
[EventType "tourn"]
[EventCountry "CRO"]
[SourceTitle "playchess.com"]
[Source "ChessBase"]
[SourceQuality "1"]

{[%evp 10,125,14,9,9,6,7,0,11,14,7,8,33,0,6,16,4,8,27,41,43,0,0,0,0,0,0,-26,-6,-6,-6,-7,-7,-7,-8,-8,-8,-29,-31,-27,-24,-37,-37,-33,-45,-33,-20,-118,-118,-118,-118,-118,-118,-118,-116,-111,-109,-116,-109,-118,-118,-121,-118,-118,-118,-187,-185,-178,-178,-202,-193,-201,-184,-185,-178,-205,-196,-178,-81,-83,-58,-83,-83,-83,-90,-88,0,-90,-51,-94,0,-102,-22,-25,-18,-366,-265,-263,-84,-134,-23,-23,-23,-25,-8,-8,-8,-8,-8,-8,-8,-8,-8,-8,-8,-8,-8,-8]} 1. d4 Nf6 2. c4 e6 3. Nf3 d5 4. Nc3 dxc4 5. e3 a6 6. a4 b6 {D24: Queen's Gambit Accepted: 3 Nf3 Nf6 4 Nc3} 7. Bxc4 Bb7 8. O-O Bb4 9. Qe2 O-O 10. Rd1 Qe7 11. Ne5 (11. Bd3 c5 12. Na2 Nc6 13. Nxb4 Nxb4 14. Bb1 {0-1 (26) So,W (2780)-Duda,J (2737) chess.com INT 2018}) 11... Nbd7 12. Nxd7 Qxd7 13. f3 Qe7 14. e4 {[#]} c5 $146 15. Be3 cxd4 16. Bxd4 Nd7 17. Rac1 Rfd8 18. Kf1 h6 19. Rc2 Nc5 20. Na2 Nxa4 21. Nxb4 Qxb4 22. b3 b5 23. Qe1 Qxe1+ 24. Kxe1 bxc4 25. Rxc4 {[#]} e5 $1 26. Ba1 $1 (26. Bxe5 Rxd1+) 26... Rxd1+ 27. Kxd1 Rd8+ 28. Ke2 (28. Ke1 $1 $11) 28... Nb6 $17 29. Rb4 Rd6 {And now ...a5 would win.} 30. Bxe5 {[#]} a5 $1 31. Bxd6 axb4 32. Bxb4 f6 33. Ke3 h5 34. h3 Kf7 35. Be1 Ba6 36. g4 Bf1 37. h4 (37. gxh5 $17 Bxh3 38. Bc3) 37... hxg4 $19 38. fxg4 Nd7 39. Bc3 Ke6 40. Kf4 Nc5 41. b4 Nd3+ 42. Ke3 Ne5 43. Kf4 Nf7 (43... g6 $19 {is more deadly.} 44. Bxe5 {[#]} g5+ $1 {[%mdl 512]} 45. Ke3 fxe5) 44. h5 $17 Be2 45. Bb2 Bb5 46. Bd4 Bc6 47. Ba1 Bb5 (47... Ne5 $17 48. g5 Nd3+ 49. Ke3 Nxb4) 48. Bc3 (48. Bd4 $11 {was the only way to keep the balance.}) 48... Bd3 49. Ba1 Be2 (49... Bc4 $17 50. Bc3 Bd3) 50. Bc3 (50. Bb2 $11 {keeps the balance.} Nh6 51. g5) 50... Nh6 (50... Ke7 $17 51. Bb2 Ke6) 51. g5 $11 Nf7 52. g6 $2 {[%mdl 8192]} (52. h6 $1 $11 {and White has nothing to worry.} gxh6 53. Ke3) 52... Nh6 53. e5 Ng8 $2 (53... Bxh5 $19 54. exf6 gxf6) 54. exf6 $17 Nxf6 ({Better is} 54... gxf6 $17 55. b5 Bxb5) 55. Bb2 $11 Nxh5+ 56. Kg5 Nf6 57. Bxf6 $1 {The position is equal.} gxf6+ {[%mdl 4096] Endgame KB-KPP} 58. Kh6 $1 Ke7 {White must now prevent ...Bd3.} 59. g7 $1 {[%cal Rg7g8]} Bc4 $1 {[%cal Rc4f7] Strongly threatening ...Bf7.} ({Not} 59... Kf7 $2 60. Kh7 $18) 60. b5 {[%cal Bb4b5,Bb5b6,Bb6b7][%mdl 32]} Bf7 {Threatens to win with ...Kd6.} 61. b6 Kd6 {Hoping for ...Kc6.} 62. b7 Kc7 63. g8=Q {Accuracy: White = 57%, Black = 55%.} (63. b8=Q+ $5 Kxb8 64. g8=Q+ Bxg8 65. Kg6 $19) 1/2-1/2

[Event "CRO-ch 2019"]
[Site "Bjelovar"]
[Date "2019.04.05"]
[Round "5.6"]
[White "Stevic, Hrvoje"]
[Black "Saric, Ivan"]
[Result "1/2-1/2"]
[WhiteElo "2586"]
[BlackElo "2691"]
[Annotator "TA"]
[PlyCount "34"]
[EventDate "2019.04.01"]
[EventType "tourn"]
[EventCountry "CRO"]
[SourceTitle "playchess.com"]
[Source "ChessBase"]
[SourceQuality "1"]

{[%evp 15,22,-13,8,0,0,0,0,0,29]} 1. c4 c5 2. Nc3 Nf6 3. g3 g6 4. Bg2 Bg7 5. d3 Nc6 6. Nf3 O-O 7. O-O b6 8. e4 Bb7 {The position is equal.} 9. a3 {A30: Symmetrical English: Double Fianchetto and Hedgehog} d6 10. Rb1 e6 11. b4 Rb8 {Predecessor:} 12. Bd2 $146 a6 13. b5 axb5 14. Nxb5 Ne8 15. Qc1 Nc7 16. Nc3 Ba8 17. Bh6 e5 {0-1 (50) Rohde,M (2497)-Yudasin,L (2563) Philadelphia 2002} 1/2-1/2

[Event "CRO-ch 2019"]
[Site "Bjelovar"]
[Date "2019.04.06"]
[Round "6.1"]
[White "Bosiocic, Marin"]
[Black "Saric, Ivan"]
[Result "1-0"]
[WhiteElo "2613"]
[BlackElo "2691"]
[Annotator "TA"]
[PlyCount "91"]
[EventDate "2019.04.01"]
[EventType "tourn"]
[EventCountry "CRO"]
[SourceTitle "playchess.com"]
[Source "ChessBase"]
[SourceQuality "1"]

{[%evp 19,91,7,8,-6,0,-13,0,0,7,6,38,36,88,81,82,71,57,72,68,68,115,112,122,113,171,137,250,204,197,203,191,197,190,191,184,128,186,189,178,193,242,250,235,243,238,240,252,235,239,227,232,230,334,335,478,478,992,940,1016,951,1724,1741,1866,1823,1767,1685,4770,4766,2871,2614,5435,5080,9991,8981]} 1. d4 Nf6 2. c4 c6 3. Nf3 d5 4. e3 Bg4 5. Qb3 Qb6 6. Nc3 e6 7. Nh4 {D11: Slav Defence: 3 Nf3 sidelines and 3...Nf6 4 e3 Bg4} Be7 8. h3 Bh5 9. g4 Bg6 10. Nxg6 hxg6 {LiveBook: 158 Games} 11. Rg1 g5 12. Bd2 Nbd7 13. O-O-O {[#]} Qc7 $146 ({Predecessor:} 13... Qxb3 14. axb3 O-O-O {1-0 (45) Topalov,V (2774)-Steingrimsson,H (2543) Warsaw 2013}) 14. Kb1 a6 15. Bg2 {[%cal Rc4d5]} Rc8 (15... Qb6 $14) 16. cxd5 $16 cxd5 17. e4 dxe4 18. Nxe4 Nxe4 19. Bxe4 {Strongly threatening Rc1.} O-O 20. h4 Nf6 21. Bf3 gxh4 (21... Qc4 $16) 22. g5 $1 $18 Nd5 (22... Nh7 $16 {was called for.}) 23. Rh1 Nf4 24. Rxh4 Ng6 {[#]} 25. Rh3 $1 Rfd8 26. Be4 Qc4 {Black wants to play ...Qxb3.} 27. Bxb7 ({White should play} 27. Qf3 $18 {Rdh1 is the strong threat.} Rxd4 28. Bxg6 (28. Rc1 Rxd2 29. Rxc4 Rxc4 $16) 28... fxg6 29. Rdh1 (29. Rc1 Rf8 $14) 29... Qc2+ 30. Ka1) 27... Qxb3 (27... Rc7 $16 {might work better.}) 28. Rxb3 (28. axb3 $6 Rb8 $14) 28... Rb8 29. d5 (29. Bxa6 $6 Rxb3 30. axb3 Rxd4 $16) 29... exd5 {[#]} 30. Ba5 $1 (30. Bxa6 $6 Rxb3 31. axb3 Nf8 $16) 30... Rd7 31. Bxd5 Rxb3 32. Bxb3 ({Less strong is} 32. axb3 Bxg5 33. Kc2 Bh4 $16) 32... Rxd1+ 33. Bxd1 {[%mdl 4096] Endgame KBB-KBN} Nf4 34. Bb3 Bxg5 35. Bc4 Nh3 (35... Kf8 $142 36. Bxa6 Ke7 37. Bb4+ Kd7 38. Bb5+ Kc7) 36. Bb6 ({But not} 36. Bxa6 Nxf2 37. Bb6 Ne4 $18) 36... Bh4 (36... a5 $142 37. Bf1 Nf4 38. Bxa5 Kf8) 37. a4 {[%cal Ba2a4,Ba4a5,Ba5a6][%mdl 32] White is clearly winning.} Bxf2 (37... Nxf2 $142 38. a5 Bg3) 38. a5 Bg3 39. Bxa6 Ng5 40. Bb7 Ne6 41. a6 Bb8 42. b4 {[%cal Bb2b4,Bb4b5][%mdl 32]} Kf8 43. b5 Ke7 44. Bd5 Kd6 45. Bxe6 ({Stronger than} 45. a7 Bxa7 46. Bxe6 Bxb6 $11) 45... Kxe6 {[#]} 46. Bc7 $1 {[%mdl 512] Precision: White = 95%, Black = 30%.} 1-0

[Event "CRO-ch 2019"]
[Site "Bjelovar"]
[Date "2019.04.06"]
[Round "6.2"]
[White "Zelcic, Robert"]
[Black "Stevic, Hrvoje"]
[Result "1/2-1/2"]
[WhiteElo "2520"]
[BlackElo "2586"]
[Annotator "ChessBase"]
[PlyCount "24"]
[EventDate "2019.04.01"]
[EventType "tourn"]
[EventCountry "CRO"]
[SourceTitle "playchess.com"]
[Source "ChessBase"]
[SourceQuality "1"]
[TimeControl "40/5400+30:1800+30"]

1. d4 {[%emt 0:00:30]} Nf6 {[%emt 0:00:30]} 2. Nf3 {[%emt 0:00:00]} g6 {[%emt 0:00:00]} 3. g3 {[%emt 0:00:00]} Bg7 {[%emt 0:00:00]} 4. Bg2 {[%emt 0:00:00]} O-O {[%emt 0:00:00]} 5. O-O {[%emt 0:00:00]} d6 {[%emt 0:00:00]} 6. c4 {[%emt 0:00:00]} c5 {[%emt 0:00:00]} 7. Nc3 {[%emt 0:00:00]} Nc6 {[%emt 0:00:00]} 8. d5 {[%emt 0:00:30]} Na5 {[%emt 0:00:30]} 9. Qd3 {[%emt 0:00:30]} e5 {[%emt 0:00:30]} 10. e4 {[%emt 0:00:30]} Ne8 {[%emt 0:00:30]} 11. Bg5 {[%emt 0:02:30]} f6 {[%emt 0:00:00]} 12. Bd2 {[%emt 0:00:00]} a6 {[%emt 0:00:00]} 1/2-1/2

[Event "CRO-ch 2019"]
[Site "Bjelovar"]
[Date "2019.04.06"]
[Round "6.3"]
[White "Kurajica, Bojan"]
[Black "Jovanic, Ognjen"]
[Result "1/2-1/2"]
[WhiteElo "2522"]
[BlackElo "2515"]
[Annotator "TA"]
[PlyCount "67"]
[EventDate "2019.04.01"]
[EventType "tourn"]
[EventCountry "CRO"]
[SourceTitle "playchess.com"]
[Source "ChessBase"]
[SourceQuality "1"]

{[%evp 9,67,13,5,10,16,18,10,11,48,13,26,7,33,-1,31,31,25,7,22,8,37,36,36,37,36,43,49,47,47,45,59,58,61,44,55,37,48,40,37,41,38,47,43,54,54,48,44,29,81,22,20,27,56,14,14,14,14,22,11,0]} 1. Nf3 d5 2. e3 Nf6 3. c4 c6 4. Qc2 g6 5. b3 Bg7 6. Bb2 {A11: English Opening: 1...c6} O-O 7. Be2 Re8 (7... b6 8. O-O Bb7 9. d4 Nbd7 10. Nc3 Re8 11. Ne5 c5 12. Nxd7 Qxd7 13. dxc5 dxc4 14. cxb6 cxb3 15. Qxb3 axb6 {½-½ (34) Giri,A (2780)-Vitiugov,N (2709) Shenzhen 2018}) 8. O-O Nbd7 9. cxd5 cxd5 10. Rc1 a6 $146 ({Predecessor:} 10... Nb8 11. Ne5 Nfd7 12. Nxd7 Bxd7 13. Bxg7 Kxg7 14. Nc3 Bc6 15. b4 b6 16. Qb2 {1-0 (25) Rukavina,J (2440)-Hug,M (2265) Zuerich 1990}) 11. a4 Nf8 12. b4 Bg4 13. Qb3 e6 14. Nc3 N6d7 15. a5 Bxf3 16. Bxf3 Ne5 17. Be2 Nc6 18. d4 Nd7 19. Na4 Bf8 20. Bc3 Qc7 21. Bd2 Rec8 22. Rab1 Rab8 23. b5 axb5 24. Bxb5 Qd8 25. g3 Bd6 26. Qd3 Na7 27. Rxc8 Qxc8 28. Kg2 Qd8 (28... Nxb5 $11 {keeps the balance.} 29. Qxb5 Nf6) 29. Qb3 (29. e4 $16) 29... Nxb5 $11 30. Qxb5 Kg7 31. Bb4 Bxb4 {The position is equal.} 32. Qxb4 Ra8 33. Qd6 Qxa5 34. Qxd7 {Accuracy: White = 44%, Black = 57%.} 1/2-1/2

[Event "CRO-ch 2019"]
[Site "Bjelovar"]
[Date "2019.04.06"]
[Round "6.4"]
[White "Brkic, Ante"]
[Black "Kozul, Zdenko"]
[Result "1/2-1/2"]
[WhiteElo "2560"]
[BlackElo "2589"]
[Annotator "ChessBase"]
[PlyCount "70"]
[EventDate "2019.04.01"]
[EventType "tourn"]
[EventCountry "CRO"]
[SourceTitle "playchess.com"]
[Source "ChessBase"]
[SourceQuality "1"]
[TimeControl "40/5400+30:1800+30"]

1. e4 {[%emt 0:00:30]} c5 {[%emt 0:00:30]} 2. Nf3 {[%emt 0:00:00]} Nc6 {[%emt 0:00:00]} 3. d4 {[%emt 0:00:00]} cxd4 {[%emt 0:00:00]} 4. Nxd4 {[%emt 0:00:30]} Nf6 {[%emt 0:01:30]} 5. Nc3 {[%emt 0:00:00]} d6 {[%emt 0:00:00]} 6. f3 {[%emt 0:00:00]} Nxd4 {[%emt 0:05:00]} 7. Qxd4 {[%emt 0:00:00]} g6 {[%emt 0:00:00]} 8. Bg5 {[%emt 0:05:00]} Bg7 {[%emt 0:03:00]} 9. Bb5+ {[%emt 0:00:30]} Bd7 {[%emt 0:00:30]} 10. Bxd7+ {[%emt 0:00:30]} Qxd7 {[%emt 0:00:30]} 11. O-O-O {[%emt 0:00:30]} h6 {[%emt 0:17:30]} 12. Bh4 {[%emt 0:07:30]} Nh5 {[%emt 0:05:30]} 13. Qe3 {[%emt 0:15:30]} g5 {[%emt 0:08:30]} 14. Bf2 {[%emt 0:13:30]} Nf4 {[%emt 0:02:30]} 15. g3 {[%emt 0:06:30]} Bxc3 {[%emt 0:08:30]} 16. gxf4 {[%emt 0:00:00]} Bf6 {[%emt 0:00:30]} 17. f5 {[%emt 0:03:00]} Qb5 {[%emt 0:02:30]} 18. c3 {[%emt 0:04:30]} Rc8 {[%emt 0:02:30]} 19. Rd5 {[%emt 0:10:30]} Qc4 {[%emt 0:00:30]} 20. Kb1 {[%emt 0:01:30]} b6 {[%emt 0:02:30]} 21. Rhd1 {[%emt 0:07:30]} Rc5 {[%emt 0:11:30]} 22. Rxc5 {[%emt 0:02:30]} bxc5 {[%emt 0:00:30]} 23. Bg3 {[%emt 0:01:30]} Qa4 {[%emt 0:05:30]} 24. Re1 {[%emt 0:03:24]} O-O {[%emt 0:00:30]} 25. f4 {[%emt 0:00:15]} Rb8 {[%emt 0:05:07]} 26. e5 {[%emt 0:01:18]} gxf4 {[%emt 0:00:47]} 27. Bxf4 {[%emt 0:00:25]} dxe5 {[%emt 0:00:37]} 28. Bxe5 {[%emt 0:01:39]} Rd8 {[%emt 0:02:20]} 29. Qg1+ {[%emt 0:08:12]} Bg5 {[%emt 0:05:17]} 30. b3 {[%emt 0:00:01]} Qh4 {[%emt 0:00:39]} 31. Qg3 {[%emt 0:02:24]} Qh5 {[%emt 0:01:15]} 32. Bf4 {[%emt 0:00:30]} Rd1+ {[%emt 0:03:18]} 33. Rxd1 {[%emt 0:00:02]} Qxd1+ {[%emt 0:00:07]} 34. Kb2 {[%emt 0:00:00]} Qe2+ {[%emt 0:00:08]} 35. Ka3 {[%emt 0:00:01]} Qa6+ {[%emt 0:02:34]} 1/2-1/2

[Event "CRO-ch 2019"]
[Site "Bjelovar"]
[Date "2019.04.06"]
[Round "6.5"]
[White "Saric, Ante"]
[Black "Jovanovic, Zoran"]
[Result "1/2-1/2"]
[WhiteElo "2530"]
[BlackElo "2511"]
[Annotator "TA"]
[PlyCount "77"]
[EventDate "2019.04.01"]
[EventType "tourn"]
[EventCountry "CRO"]
[SourceTitle "playchess.com"]
[Source "ChessBase"]
[SourceQuality "1"]

{[%evp 18,77,45,14,14,10,11,12,13,14,10,14,21,14,14,14,17,14,8,7,13,10,20,23,21,18,18,18,21,18,21,21,21,21,21,21,47,46,49,47,60,60,60,60,67,67,60,54,50,49,54,54,69,69,69,69,73,54,93,93,93,51]} 1. d4 d6 2. Nf3 g6 3. g3 Bg7 4. Bg2 Nf6 5. O-O O-O 6. c4 Nc6 7. Nc3 e5 8. dxe5 dxe5 9. Bg5 Be6 10. Nd5 Bxd5 {E62: King's Indian: Fianchetto: 6...c6 and Panno Variation (6...Nc6) without ...a6} 11. Bxf6 Bxf6 12. cxd5 Ne7 {The position is equal.} 13. e4 Qd7 14. Qb3 c6 {[%cal Rc6d5]} 15. dxc6 Nxc6 16. Rfd1 Qe7 17. Rd5 $146 ({Predecessor:} 17. Bf1 Rfd8 18. a3 {½-½ (30) Salomon,J (2487)-Can,E (2578) Dubai 2017}) 17... Rfd8 18. Rad1 Rxd5 19. Rxd5 Rd8 20. Rxd8+ Nxd8 21. Bf1 Nc6 22. Qd5 Qd8 23. Qxd8+ Bxd8 $11 {[%mdl 4096] Endgame KBN-KBN} 24. Bb5 Nd4 25. Nxd4 exd4 {KB-KB} 26. Kf1 Kf8 27. Ke2 h5 28. Kd3 h4 29. Bd7 hxg3 30. hxg3 Be7 31. Kxd4 b6 32. f4 Bc5+ 33. Kd5 Bf2 34. g4 Be3 35. f5 gxf5 36. gxf5 Ke7 37. Bb5 a5 38. e5 f6 39. Ke4 {Accuracy: White = 89%, Black = 58%.} 1/2-1/2

[Event "CRO-ch 2019"]
[Site "Bjelovar"]
[Date "2019.04.06"]
[Round "6.6"]
[White "Kovacevic, Blazimir"]
[Black "Martinovic, Sasa"]
[Result "0-1"]
[WhiteElo "2475"]
[BlackElo "2555"]
[Annotator "TA"]
[PlyCount "62"]
[EventDate "2019.04.01"]
[EventType "tourn"]
[EventCountry "CRO"]
[SourceTitle "playchess.com"]
[Source "ChessBase"]
[SourceQuality "1"]

{[%evp 11,62,0,0,-15,-3,-11,-20,-17,-4,-3,-10,-11,0,-4,-6,-6,0,-14,1,8,18,-39,-45,-45,-51,-56,-43,-50,-13,-12,0,0,0,-54,-56,-62,-69,-87,-52,-60,-37,-220,-187,-391,-418,-393,-383,-686,-675,-5039,-4702,-1538,-470]} 1. Nf3 d5 2. g3 g6 3. Bg2 Bg7 4. d4 Nd7 5. O-O Ngf6 6. Nc3 O-O {LiveBook: 4 Games} 7. Re1 {D02: 1 d4 d5 2 Nf3 sidelines, including 2...Nf6 3 g3 and 2...Nf6 3 Bf4} (7. a4 a5 8. h3 c6 9. Re1 Ne4 10. Nxe4 dxe4 11. Ng5 Nf6 12. g4 Qd5 13. f3 e5 14. fxe4 Qxd4+ 15. Qxd4 exd4 {½-½ (45) Kagirov,R (2289)-Petrukhin,D (2364) Novosibirsk 2014}) 7... c5 8. Be3 b6 $146 ({Predecessor:} 8... cxd4 9. Bxd4 Re8 10. Nxd5 Nxd5 11. Bxg7 Kxg7 12. Qd4+ e5 13. Qc3 Qb6 14. b4 Kg8 {1-0 (33) Roy,P (1879)-Saughanthika,A (1590) Chennai 2016}) 9. Ne5 {The position is equal.} Bb7 10. Nxd7 Qxd7 11. dxc5 Rfd8 12. cxb6 Ng4 13. Bf4 ({Wrong is} 13. bxa7 $2 d4 $19) 13... e5 14. Bd2 ({Of course not} 14. Bg5 Qf5 $17) 14... d4 15. Ne4 axb6 16. Bg5 ({Better is} 16. h3 $1 $11 Nf6 17. Nxf6+ Bxf6 18. e4) 16... f6 $15 17. h3 Nxf2 18. Nxf2 {And now Bxb7 would win.} Bxg2 19. Kxg2 {Bc1 is the strong threat.} fxg5 20. Qd3 Rf8 21. Ne4 g4 $36 {[%mdl 2048] Black has some pressure.} 22. h4 ({White should play} 22. hxg4 $1 $11 Qxg4 23. Rf1) 22... Kh8 23. h5 gxh5 24. Rf1 h6 25. a3 {[#]} h4 $1 {[%mdl 512]} 26. gxh4 $2 {[#]} (26. Rxf8+ $1 $15 Rxf8 27. gxh4) 26... Rf4 $1 $19 27. e3 $2 {[#]} (27. Ng3 {might work better.}) 27... Rf3 $1 {[%cal Rf3e3][%mdl 512]} 28. Rxf3 gxf3+ 29. Kg3 $2 (29. Kf2 Qh3 30. Rf1) 29... Rg8 {aiming for ...Bf6+.Black is clearly winning.} 30. Nf2 {[#]} e4 $1 {[%mdl 512]} 31. Qxe4 Be5+ {Precision: White = 48%, Black = 58%.} (31... dxe3 $142 32. Ng4 Bxb2 33. Kxf3 Bxa1 34. Nxe3 Re8) 0-1

[Event "CRO-ch 2019"]
[Site "Bjelovar"]
[Date "2019.04.07"]
[Round "7.1"]
[White "Martinovic, Sasa"]
[Black "Bosiocic, Marin"]
[Result "1/2-1/2"]
[WhiteElo "2555"]
[BlackElo "2613"]
[Annotator "TA"]
[PlyCount "61"]
[EventDate "2019.04.01"]
[EventType "tourn"]
[EventCountry "CRO"]
[SourceTitle "playchess.com"]
[Source "ChessBase"]
[SourceQuality "1"]

{[%evp 27,61,9,20,17,11,7,12,7,10,7,10,11,29,6,18,17,17,8,9,12,12,12,10,12,15,17,15,11,22,0,0,0,20,0,0,0]} 1. d4 d5 2. c4 e6 3. Nc3 Be7 4. Nf3 Nf6 5. Bg5 h6 6. Bh4 O-O 7. e3 Ne4 8. Bxe7 Qxe7 9. Rc1 c6 10. Be2 Nxc3 11. Rxc3 dxc4 12. Bxc4 b6 13. O-O Nd7 14. Bd3 c5 15. Be4 {D56: Queen's Gambit Declined: Lasker Defence} (15. Qc2 Bb7 16. Bh7+ Kh8 17. Be4 cxd4 18. Nxd4 Bxe4 19. Qxe4 Nc5 20. Qc2 a5 21. h3 Qb7 22. Rc1 Rfd8 {½-½ (39) Akobian,V (2647)-Fridman,D (2636) Saint Louis 2018}) 15... Rb8 16. Qc2 Nf6 17. dxc5 Nxe4 18. Qxe4 {[#] Strongly threatening c6.} bxc5 19. b3 Bb7 20. Qf4 Bxf3 {The position is equal.} 21. Qxf3 Rfd8 22. Rfc1 Rd2 $1 {[#]} 23. R1c2 $146 Rbd8 {[#] ( -> ...Rd1+)} 24. g3 Rxc2 25. Rxc2 $11 {[%mdl 4096] Endgame KQR-KQR} Rd5 26. Kg2 Qd6 27. Qf4 Qa6 28. Qb8+ Kh7 {Threatens to win with ...Rd1.} 29. Qf4 Kg8 30. Qb8+ Kh7 {White must now prevent ...Rd1.} 31. Qf4 {Accuracy: White = 76%, Black = 81%.} 1/2-1/2